|
|
|
|
| LEADER |
00000cam a2200000 a 4500 |
| 001 |
vtls010636286 |
| 003 |
SK-MaSNL |
| 005 |
20260301182726.0 |
| 008 |
160429s2014 xo odabg n 000 0 eng |
| 015 |
|
|
|a SNBA2015/02
|
| 020 |
|
|
|a 9788089315567 (brož.)
|
| 035 |
|
|
|a 993A0D40-9A4B-4610-ACC2-918B2AF36526
|
| 035 |
|
|
|a urn:nbn:sk:snk-amjp41
|
| 035 |
|
|
|a urn:nbn:sk:snk-am000xdt
|
| 040 |
|
|
|a SNK
|b slo
|c SNK
|e AACR2
|
| 041 |
1 |
|
|a eng
|h slo
|
| 043 |
|
|
|a e-xo---
|
| 044 |
|
|
|a xo
|c SK
|
| 072 |
|
7 |
|a 902
|x Archeológia
|2 konspekt
|
| 080 |
|
|
|a 902.2
|2 2001
|
| 080 |
|
|
|a (437.6)
|2 2001
|
| 080 |
|
|
|a 903'13
|2 2001
|
| 080 |
|
|
|a 903.2
|2 2001
|
| 080 |
|
|
|a 903
|2 2001
|
| 080 |
|
|
|a (048.8)
|2 2001
|
| 100 |
1 |
|
|a Beljak Pažinová, Noémi,
|d 1980-
|4 aut
|9 159441
|
| 245 |
1 |
0 |
|a Archaeological investigation on the high-pressure gas interconnection pipeline SK-HU in 2013
|b life in early times, or, the world of prehistoric communities in Kiarov
|c Noémi Beljak Pažinová, Ján Beljak ; [English translation: Viera Tejbusová]
|
| 246 |
3 |
0 |
|a Life in early times or world of prehistoric communities in Kiarov
|
| 250 |
|
|
|a 1st ed.
|
| 260 |
|
|
|a Nitra
|b Archaeological Institute of Slovak Akademy of Science
|c 2014
|
| 300 |
|
|
|a 70 s.
|b fotogr., grafy, ilustr., mp.
|c 21 cm
|
| 366 |
|
|
|e 800 výt.
|
| 504 |
|
|
|a Bibliogr.: s. 67-70
|
| 650 |
0 |
7 |
|a archeologické výskumy
|2 SNKPH
|9 74796
|
| 650 |
0 |
7 |
|a archeologické lokality
|2 SNKPH
|9 175886
|
| 650 |
0 |
7 |
|a lengyelská kultúra
|2 SNKPH
|9 73753
|
| 650 |
0 |
7 |
|a archeologické nálezy
|2 SNKPH
|9 4975
|
| 650 |
0 |
7 |
|a materiálna kultúra
|2 SNKPH
|9 2979
|
| 650 |
0 |
7 |
|a Excavations (archaeology)
|2 SNKPHeng
|9 266742
|
| 650 |
0 |
7 |
|a Archaeological sites
|2 SNKPHeng
|9 323244
|
| 650 |
0 |
7 |
|a Lengyel culture
|2 SNKPHeng
|9 403890
|
| 650 |
0 |
7 |
|a Antiquities
|2 SNKPHeng
|9 101106
|
| 650 |
0 |
7 |
|a Material culture
|2 SNKPHeng
|9 330804
|
| 650 |
0 |
7 |
|a dejiny obcí
|2 SNKPH
|9 164834
|
| 650 |
0 |
7 |
|a History
|2 SNKPHeng
|9 265139
|
| 651 |
|
7 |
|a Kiarov (Slovensko)
|2 SNKPH
|9 164466
|
| 651 |
|
7 |
|a Kiarov (Slovakia)
|2 SNKPH
|9 487518
|
| 655 |
|
7 |
|a štúdie
|2 SNKPH
|9 57033
|
| 655 |
|
7 |
|a Studies
|2 SNKPHeng
|9 265573
|
| 700 |
1 |
|
|a Beljak, Ján,
|d 1979-
|4 aut
|9 69311
|
| 700 |
1 |
|
|a Tejbusová, Viera
|4 trl
|9 74515
|
| 852 |
|
|
|a Štátna vedecká knižnica v Banskej Bystrici
|
| 919 |
|
|
|a 978-80-89315-56-7
|
| 958 |
|
|
|a NB
|
| 958 |
|
|
|a OP
|
| 968 |
|
|
|a Eng
|b SLO
|
| 999 |
|
|
|c 854639
|d 856569
|
| 952 |
|
|
|a SNK
|b SNK
|y PREZ
|7 0
|p 17A1134699
|o snkSC 162503
|i snk2015/1193
|8 0
|0 0
|1 0
|4 0
|d 2015-01-15
|f 1
|l 0
|r 2025-08-26 00:00:00
|w 2026-02-24
|
| 952 |
|
|
|a SNK
|b SNK
|y VYP
|7 0
|p 17A1134700
|o snkSC 162503 D1
|i snk2015/1194
|8 0
|0 0
|1 0
|4 0
|d 2015-01-15
|l 0
|r 2026-02-24 04:53:01
|w 2026-02-24
|